| 000 | 00648nam a2200217Ia 4500 | ||
|---|---|---|---|
| 005 | 20250923145113.0 | ||
| 008 | 008 250917s9999 xx 000 0 eng d | ||
| 037 | _aTextual | ||
| 040 |
_aDSWL _beng _cDSWL |
||
| 041 |
_aeng _2eng |
||
| 084 |
_aY72:1:2.75, N66 _qDSWL |
||
| 100 |
_aDas, A.K. _9831822 |
||
| 245 | 0 |
_aImpact of industrialisation on the life of the tribes of West Bengal _cby A.K. Das |
|
| 260 |
_aCalcutta _bGovt. of West Bengal _c1962 |
||
| 300 | _axi,224 p. | ||
| 365 |
_aINR _b3 |
||
| 700 |
_aS.K. Banerjee _9831823 |
||
| 925 | _g3 | ||
| 942 |
_cTEXL _hY72:1:2.75, N66 |
||
| 999 |
_c1447141 _d1447141 |
||